| 000 | 02237cam a2200337 a 4500 | ||
|---|---|---|---|
| 999 |
_c329113 _d329113 |
||
| 001 | 15574254 | ||
| 003 | Nust | ||
| 005 | 20170424144443.0 | ||
| 008 | 090105s2008 nyu 000 j eng d | ||
| 010 | _a 2008276046 | ||
| 020 | _a9780307269881 | ||
| 020 | _a0307269884 | ||
| 035 | _a(OCoLC)ocn216941657 | ||
| 040 |
_aBTCTA _cBTCTA _dBAKER _dYDXCP _dGP5 _dBWX _dCDX _dTXH _dUOH _dDLC |
||
| 042 | _alccopycat | ||
| 050 | 0 | 0 |
_aPR6023.E833 _bA6 2008 |
| 082 | 0 | 4 |
_a823.914 LES _222 |
| 100 | 1 |
_aLessing, Doris, _d1919-2013. |
|
| 245 | 1 | 0 |
_aStories / _cDoris Lessing ; with an introduction by Margaret Drabble. |
| 260 |
_aNew York : _bAlfred A. Knopf, _c2008. |
||
| 300 |
_axxxix, 655 p. ; _c21 cm. |
||
| 490 | 1 |
_aEveryman's library ; _v316 |
|
| 505 | 0 | 0 |
_tThe habit of loving -- _tThe woman -- _tThrough the tunnel -- _tPleasure -- _tThe witness - _tThe day Stalin died -- _tWine -- _tHe -- _tThe eye of God in paradise -- _tThe other woman -- _tOne off the short list -- _tA woman on a roof -- _tHow I finally lost my heart -- _tA man and two women -- _tA room -- _tEngland versus England -- _tTwo potters -- _tBetween men -- _tOur friend Judith -- _tEach other -- _tHomage for Isaac Babel -- _tOutside the ministry -- _tDialogue -- _tNotes for a case history -- _tTo room nineteen -- _tAn old woman and her cat -- _tSide benefits of an honourable profession -- _tA year in Regent's Park -- _tReport on the threatened city -- _tMrs. Fortescue -- _tAn unposted love letter -- _tLions, leaves, roses -- _tNot a very nice story -- _tThe other garden -- _tThe temptation of Jack Orkney. |
| 655 | 7 |
_aShort stories. _2gsafd |
|
| 830 | 0 |
_aEveryman's library (Alfred A. Knopf, Inc.) ; _v316. |
|
| 856 | 4 | 2 |
_3Contributor biographical information _uhttp://www.loc.gov/catdir/enhancements/fy0906/2008276046-b.html |
| 856 | 4 | 2 |
_3Publisher description _uhttp://www.loc.gov/catdir/enhancements/fy0906/2008276046-d.html |
| 856 | 4 | 1 |
_3Sample text _uhttp://www.loc.gov/catdir/enhancements/fy0906/2008276046-s.html |
| 856 | 4 | 1 |
_3Table of contents only _uhttp://www.loc.gov/catdir/enhancements/fy0906/2008276046-t.html |
| 906 |
_a7 _bcbc _ccopycat _d2 _encip _f20 _gy-gencatlg |
||
| 942 |
_2ddc _cBK |
||